000 00809nam a22002297a 4500
005 20180629144432.0
010 _a1718EN-30 ENG-116181 B-687337-3416
020 _a9788125063148
_c850.00
035 _aEN-99713
035 _aB-687337-346
037 _bUppal
_adpl
037 _bDBAD/PUB
082 _a327.54
100 _aPant, Harsh V.
245 _aIndian foreign policy :
_cby Harsh V. Pant,
_ban overview /
260 _c2016
_aNew Delhi
_bOrient Blackswan
270 _a1/24, Asaf Ali Road
_bNew Delhi
_e110002
300 _c23cm(pbk)
_ax,246p.
500 _aIncludes index
942 _cEN
_2ddc
_h327.54
_mPAN
999 _c103907
_d103907